London Animated Movies by Picture - Statistics

General Stats
  • This quiz has been taken 107 times
  • The average score is 10 of 16
Answer Stats
Picture Answer % Correct
Peter Pan
99%
Cars 2
98%
Madagascar 3: Europe's Most Wanted
97%
Minions
97%
One Hundred and One Dalmatians
97%
Tinker Bell
80%
Pocahontas II: Journey to a New World
76%
The Sword in the Stone
61%
A Christmas Carol
59%
Flushed Away
56%
Sherlock Gnomes
48%
The Great Mouse Detective
43%
Case Closed: The Phantom of Baker Street
28%
Street Fighter II: The Animated Movie
22%
Missing Link
21%
Oggy and the Cockroaches: The Movie
20%
No matching quizzes found
Score Distribution
Percent of People with Each Score
Percentile by Number Answered
Your Score History
You have not taken this quiz